000 00964nam a22003490a 4500
001 PT45338
003 AR-LpoUNG
005 20210131231045.0
008 191001s2011||||uy |||||||||||||||||spa d
020 _a9789974697676
_c$4,80
040 _aAR-LpoUNG
_bspa
_cAR-LpoUNG
_eaacr
041 _aspa
044 _auy
082 0 _a808.068 3 319ali
100 1 _aCarroll, Lewis
245 1 0 _aAlicia en el país de las maravillas
250 _a1§ ed.
260 _aMontevideo :
_bLatinbooks,
_c2011.
300 _a70 p. :
_bil.
505 0 _aSugerido a partir de 14 años (etiqueta VERDE)
650 4 _aLITERATURA
650 4 _aNOVELAS
651 4 _aDOCUMENTOS TEORICOS O METODOLOGICOS
653 _aHISTORIETAS
653 _aLITERATURA FANTASTICA
653 _aLITERATURA INFANTOJUVENIL
700 1 _aBerduque, María Carolina
_etr.
700 1 _aDe Sabato, Juan Cruz
_etr.
700 1 _aPérez, Daniel
_eil.
905 _a45338
942 _cLIB
999 _c7753
_d7753